| 000 | 01165nam0a22002891 4500 | ||
|---|---|---|---|
| 001 | rc\387997 | ||
| 005 | 20250621065524.0 | ||
| 010 |
_a5-12-000685-X _91000 |
||
| 035 | _a(NLR Aleph) 005638079 | ||
| 090 |
_a6639033 _c6639033 |
||
| 100 | _a20030616d1989 |||y0rusy50 ca | ||
| 101 | 0 | _arus | |
| 102 | _aRU | ||
| 105 | _aa ||||||||| | ||
| 200 | 1 |
_aПамятники скифской эпохи Днепровского Лесостепного Правобережья (Киево-Черкасский регион) _fГ.Т. Ковпаненко, С.С. Бессонова, С.А. Скорый _gАН УССР, Ин-т археологии |
|
| 210 |
_aКиев _cНаукова думка _d1989 |
||
| 215 |
_a331, [4] с. _cил. _d25 |
||
| 225 | 1 | _aАрхеология | |
| 320 | _aБиблиогр.: с. 326-332 | ||
| 700 | 1 |
_aКовпаненко _bГ.Т. _gГалина Тихоновна |
|
| 701 | 1 |
_aБессонова _bС.С. _gСветлана Сергеевна |
|
| 701 | 1 |
_aСкорый _bС.А. _gСергей Анатольевич |
|
| 801 | 0 |
_aRU _bNLR _gpsbo |
|
| 801 | 1 |
_aRU _bELAR _2rusmarc |
|
| 852 |
_aNLR _j89-7/1147 |
||
| 942 | _cBOOK | ||
| 980 | _aNB | ||